|
|
|
|
| LEADER |
00000nam0a2200000 4500 |
| 001 |
311088 |
| 005 |
20231102002342.0 |
| 020 |
|
|
|a RU
|b 82-13941
|
| 035 |
|
|
|a (RuTPU)RU\TPU\book\336443
|
| 090 |
|
|
|a 311088
|
| 100 |
|
|
|a 20151202d1982 k y0rusy5003 ca
|
| 101 |
0 |
|
|a rus
|
| 102 |
|
|
|a UA
|
| 105 |
|
|
|a a z 000zy
|
| 200 |
1 |
|
|a Прогрессивные приспособления и инструменты для токарных работ
|f Г. М. Стискин
|
| 210 |
|
|
|a Киев
|c Технiка
|d 1982
|
| 215 |
|
|
|a 64 с.
|c ил.
|
| 225 |
1 |
|
|a Библиотекака передового опыта. Технология производства
|
| 606 |
1 |
|
|a Токарные станки
|x Приспособления зажимные
|2 stltpush
|3 (RuTPU)RU\TPU\subj\60824
|9 78047
|
| 610 |
1 |
|
|a токари-новаторы
|
| 610 |
1 |
|
|a резцы
|
| 610 |
1 |
|
|a заготовки
|
| 610 |
1 |
|
|a приспособления
|
| 610 |
1 |
|
|a ступенчатые детали
|
| 610 |
1 |
|
|a обработка
|
| 610 |
1 |
|
|a вибрация
|
| 610 |
1 |
|
|a борьба
|
| 610 |
1 |
|
|a конические поверхности
|
| 610 |
1 |
|
|a резьба
|
| 610 |
1 |
|
|a нарезание
|
| 675 |
|
|
|a 621.941.2/.31-2
|v 4
|
| 700 |
|
1 |
|a Стискин
|b Г. М.
|g Григорий Моисеевич
|
| 801 |
|
0 |
|a RU
|b RuMRKP
|c 19950704
|g psbo
|
| 801 |
|
1 |
|a RU
|b 63413507
|c 20151202
|
| 801 |
|
2 |
|a RU
|b 63413507
|c 20171018
|g RCR
|
| 942 |
|
|
|c BK
|